000 00621nam a2200217Ia 4500
001 21447
003 DO-CoUTE
005 20260204212558.0
008 220104s9999 dr 000 0 spa d
040 _aDO-CoUTE
_bspa
_cDO-CoUTE
041 0 _aspa
082 _aRD 370.7 IN35e
110 _aInafocan
245 1 0 _aExperiencias educativas innovadoras: En los centros de República Dominicana / Inafocan
260 _aSanto Domingo, República Dominicana : Inafocan
300 _a90 páginas
650 4 _aEducación
942 _2ddc
_cBK
999 _c20783
_d20783